Vista normal
Vista MARC
Entrada Materia (personas)
Número de registros utilizados en: 5
001 - CONTROL NUMBER
- control field: 108180
003 - CONTROL NUMBER IDENTIFIER
- control field: Co-BoUCM
005 - DATE AND TIME OF LATEST TRANSACTION
- control field: 20211014095905.0
008 - FIXED-LENGTH DATA ELEMENTS
- fixed length control field: 211014|| aca||aabn | a|a d
040 ## - CATALOGING SOURCE
- Original cataloging agency: Co-BoUCM
- Transcribing agency: Co-BoUCM
100 ## - HEADING--PERSONAL NAME
- Personal name: Coronado Pinto, Gustavo
670 ## - SOURCE DATA FOUND
- Source citation: Work cat.: (Co-BoUCM)2929: Coronado Pinto, Gustavo, Derecho de policía aplicado, 1987